Junta de sombras (Record no. 127086)

MARC details
000 -LEADER
campo de control de longitud fija 00918nam a2200229 4500
001 - NÚMERO DE CONTROL
campo de control 127086
003 - IDENTIFICADOR DE NÚMERO DE CONTROL
campo de control ES-MaACL
005 - FECHA Y HORA DE LA ÚLTIMA TRANSACCIÓN
campo de control 20250402185851.0
007 - CAMPO FIJO DE DESCRIPCIÓN FÍSICA--INFORMACIÓN GENERAL
campo de control de longitud fija t|
008 - DATOS DE LONGITUD FIJA--INFORMACIÓN GENERAL
campo de control de longitud fija 070214s1949 mx r ||||1| spa d
100 1# - ENTRADA PRINCIPAL--NOMBRE DE PERSONA
Nombre de persona Reyes, Alfonso,
Fechas asociadas al nombre 1889-1959
9 (RLIN) 96554
245 10 - MENCIÓN DEL TÍTULO
Título Junta de sombras
Resto del título : estudios helénicos /
Mención de responsabilidad, etc. Alfonso Reyes.
260 ## - PUBLICACIÓN, DISTRIBUCIÓN, ETC.
Lugar de publicación, distribución, etc. México :
Nombre del editor, distribuidor, etc. Colegio Nacional,
Fecha de publicación, distribución, etc. 1949.
300 ## - DESCRIPCIÓN FÍSICA
Extensión 394 p. :
Otras características físicas il. ;
Dimensiones 24 cm.
650 #7 - PUNTO DE ACCESO ADICIONAL DE MATERIA--TÉRMINO DE MATERIA
9 (RLIN) 158248
Término de materia o nombre geográfico como elemento de entrada Filosofía-
Subdivisión de forma Historia
852 ## - LOCALIZACIÓN
Ubicación ES-MaACL
Número de control de estantería D-6521
Sublocalización o colección R.30414
-- R.M.6112
itemnumber 131752
Ubicación en estantería Sala Valle Inclán
Marcas de propiedad Sello en tinta azul de la Biblioteca del Ateneo de Madrid
Anotaciones manuscritas Anotación manuscrita en cubierta: "3"
Nota libre En cubierta: "11.DIC.1950"
852 ## - LOCALIZACIÓN
Ubicación ES-MaACL
Número de control de estantería C-18228
Sublocalización o colección R.46596
942 ## - ELEMENTOS DE ENTRADA SECUNDARIOS (KOHA)
Fuente del sistema de clasificación o colocación Clasificación decimal universal
Tipo de ítem Koha Libro impreso
Holdings
Estatus retirado Estado de pérdida Estado de daño No para préstamo Biblioteca de origen Biblioteca actual Ubicación en estantería Fecha de adquisición Fuente de adquisición Total de préstamos Signatura topográfica completa Código de barras Visto por última vez Precio de reemplazo Tipo de ítem Koha
        Biblioteca del Ateneo de Madrid Biblioteca del Ateneo de Madrid Galería 17/01/2008     C-18228 1132366 23/02/2023 23/02/2023 Libro impreso
        Biblioteca del Ateneo de Madrid Biblioteca del Ateneo de Madrid Sala Valle Inclán 17/01/2008     D-6521 901132365 23/02/2023 23/02/2023 Libro impreso